000 00520nam a2200181Ia 4500
005 20250326123922.0
008 250326s9999 xx 000 0 und d
037 _aTextbook
040 _aFMSL
_beng
_cFMSL
041 _aeng
_2eng
084 _aSNI K4
_qFMSL
100 _aLongenecker J G
_9736385
245 0 _aPrinciples of management and organizational behavior
_cLongenecker J G
260 _aUSA
_bUSA, Charles E Merrill
_c1964
300 _a676p
942 _cTB
_hSNI K4
999 _c1271469
_d1271469